000 00570nam a2200193Ia 4500
003 GCL
008 140319s9999 xx 000 0 ara d
040 _aGCL /
_cGCL
082 0 4 _a530
_bم م
100 1 _aمنصور محمد حسب النبى
245 1 0 _aمسائل محلولة فى الفيزياء للمرحلة الاولى بالجامعات /
_cمنصور محمد حسب النبى
300 _a390 ص
490 _a
650 0 4 _aالضوء
650 0 4 _aالفيزياء
650 0 4 _aكهربية
650 0 4 _aميكانيكا
942 _2ddc
_cBK
999 _c41357
_d41357